Le droit international, un droit de rapport de forces

Bibliographic Details
Main Author: Kambale Mashauri, Fabrice
Format: eBook
Published: Pars̕: Éditions Universitaires Europěnes, 2019
Subjects:
Online Access:Acceso restringido

MARC

LEADER 00000nam a22000007a 4500
005 20191002225653.0
007 cr|||| ||||
008 191002s2019 fr |||||s|||| 00||0 fra d
020 |a 9786138496236 
035 |a 28873 
040 |a vLex 
090 |c 9681  |d 9681 
100 1 |a Kambale Mashauri, Fabrice 
245 1 2 |a Le droit international, un droit de rapport de forces  |h [Recurso electrn̤ico] /  |c Fabrice Kambale Mashauri 
256 |a Servicio en ln̕ea 
260 |a Pars̕:  |b Éditions Universitaires Europěnes,  |c 2019 
300 |a 1 recurso electrn̤ico 
500 |a Il s'agit ici d'une rf̌lexion sur les thǒries et principes juridiques pour lesquels le droit international aurait comme fondement l’ǧalit ̌des Etats. A puissances inǧales, les Etats ne peuvent t̊re ǧaux. Cela peut se lire dans la rǎlit ̌des relations internationales et dans des instruments juridiques internationaux. Ainsi, l'inǧalit ̌des Etats peut se constater dans les faits et dans le droit. Aux Etats, aucune autorit ̌ne pouvant imposer sa volont,̌ le droit international est construit sur le volontarisme des Etats de la conclusion ̉l'exčution des instruments juridiques. La scn̈e internationale se voit ainsi comme anarchique o ̮la force fonde la grande partie de la loi, et dirige les rapports entre Etats. 
506 1 |a Disponible solo en los productos indicados  |d vLex Global  |d vLex Global (Academic Edition, excluding Law Schools)  |d vLex Global (U.S. Academic Edition, Law Schools)  |d vLex Global (U.S. Academic Edition, excluding Law Schools)  |d vLex Global (Academic Edition, Law Schools) 
650 0 4 |a Derecho Pb︢lico y Administrativo  |z Francia 
740 0 |a vLex Libros (Servicio en ln̕ea) 
856 4 0 |u http://vlex.com/source/28873  |z Acceso restringido 
942 |c BOOK 
999 0 |a Public and Administrative Law